00831 2200265 4500001002100000005001700021008004100038020001800079035002400097090002000121100001600141245016400157250001100321260002700332300002800359500003100387650002900418700001600447700001900463700002600482850001600508980001300524985000600537999002200543YOGYA-0209000006867120090227092925.0 ind  a979-763-870-7 0010-020900000068671 a268bLuj TlDEP aLUJI, Irene aTeladan kehidupan 3bpendidikan agama Kristen referensi KTSP dengan kecerdasan majemukcIrene Ludji, Mistriyanto, Samuel Akihary ; editor, Dien Sumiyatiningsih aCet. 1 aYogyakartabAndic2007 ax, 215 hlmbilusc23 cm aBibliografi : hlm. 213-214 aPendidikan agama Kristen aMistriyanto aAkhary, Samuel aSumiyatiningsih, Dien aYOPDYOG (M) a3-3-2008 a1 aCB-D.11 2007-844h